<?xml version="1.0" encoding="UTF-8"?>
<collection xmlns:xsi="http://www.w3.org/2001/XMLSchema-instance" xsi:schemaLocation="http://www.loc.gov/MARC21/slim http://www.loc.gov/standards/marcxml/schema/MARC21slim.xsd" xmlns="http://www.loc.gov/MARC21/slim">
 <record>
  <leader>00000cam a22000003i 4500</leader>
  <controlfield tag="001">UP-1685594773862054164</controlfield>
  <controlfield tag="003">Buklod</controlfield>
  <controlfield tag="005">20250213095146.0</controlfield>
  <controlfield tag="006">g||| |     ||   ||</controlfield>
  <controlfield tag="007">ta</controlfield>
  <controlfield tag="008">160407s2016    mdua    rb   |000 0|eng c</controlfield>
  <datafield tag="020" ind1=" " ind2=" ">
   <subfield code="a">9780761867678</subfield>
  </datafield>
  <datafield tag="035" ind1=" " ind2=" ">
   <subfield code="a">(iLib)UPBAG-00023232143</subfield>
  </datafield>
  <datafield tag="040" ind1=" " ind2=" ">
   <subfield code="a">BAG</subfield>
   <subfield code="e">rda</subfield>
  </datafield>
  <datafield tag="041" ind1="0" ind2=" ">
   <subfield code="a">eng</subfield>
  </datafield>
  <datafield tag="090" ind1=" " ind2="0">
   <subfield code="a">PS 9993 B877</subfield>
   <subfield code="b">Z88 2016</subfield>
  </datafield>
  <datafield tag="245" ind1="1" ind2="0">
   <subfield code="a">Writer in exile/writer in revolt</subfield>
   <subfield code="b">critical perspectives on Carlos Bulosan</subfield>
   <subfield code="c">edited by Jeffrey Arellano Cabusao.</subfield>
  </datafield>
  <datafield tag="264" ind1=" " ind2="1">
   <subfield code="a">Lanham, Maryland</subfield>
   <subfield code="b">University Press of America, Inc.</subfield>
   <subfield code="c">©2016.</subfield>
  </datafield>
  <datafield tag="300" ind1=" " ind2=" ">
   <subfield code="a">xxxiii, 343 pages</subfield>
   <subfield code="b">illustrations</subfield>
   <subfield code="c">23 cm</subfield>
  </datafield>
  <datafield tag="336" ind1=" " ind2=" ">
   <subfield code="a">text</subfield>
   <subfield code="2">rdacontent</subfield>
  </datafield>
  <datafield tag="337" ind1=" " ind2=" ">
   <subfield code="a">unmediated</subfield>
   <subfield code="2">rdamedia</subfield>
  </datafield>
  <datafield tag="338" ind1=" " ind2=" ">
   <subfield code="a">volume</subfield>
   <subfield code="2">rdacarrier</subfield>
  </datafield>
  <datafield tag="504" ind1=" " ind2=" ">
   <subfield code="a">Includes bibliographical references (pages 335-339)</subfield>
  </datafield>
  <datafield tag="505" ind1="0" ind2=" ">
   <subfield code="a">I: Bulosan's voice: listening to the Manong generation. Bulosan now (1958) / Alvaro Cardona-Hine -- Carlos Bulosan: gentle genius (1957) / Dolores Stephens Feria -- The achievement of Carlos Bulosan (1979) / E. San Juan, Jr. II: Location of exile: creating an alter/native Filipino literary practice. Filipino writers in exile (1963) / Dolores Stephens Feria -- Understanding the dynamics of Third World writing in America Is In the Heart (1988) / Margarita R. Orendain -- Subversion or affirmation: the text and subtext of American Is In the Heart (1991) / Marilyn Alquizola -- Satire in The Laughter of My Father (1986) / Delfin L. Tolentino, Jr. -- The Laughter of My Father: a survival kit (1995) / L.M. Grove -- The Laughter of My Father: adding feminist and class perspectives to the &quot;Casebook of Resistance&quot; (2011) / Marilyn Alquizola and Lane Ryo Hirabayashi. III: Writer as worker: Broadening the Bulosan canon. Carlos Bulosan: the poetics and the necessity of revolution (1969) / E. San Juan, Jr. -- Bulosan as a Third World poet (1985) / Susan Evangelista -- Two letters from America: Carlos Bulosan and the act of writing (1988) / Oscar V. Campomanes and Todd S. Gernes -- Bulosan's power, Bulosan's people (1991) / Dolores Stephens Feria -- A proletarian book of laughter and remembering: The Cry and the Dedication and the inter/national class struggle (2016) / Tim Libretti. IV: Collective memory and revolt: becoming Filipino, becoming free. Remembering Carlos Bulosan: an interview with Josephine Patrick (1989) / Odette Taverna -- Identity and humanity in the age of corporate globalization: a review essay (2004) / Kennety E. Bauzon -- Filipino American hip-hop and class consciousness: renewing the spirit of Carlos Bulosan (2006) / Michael Viola -- Bulosan Files: another layer in an ongoing dialogue (2016) / Marilyn Alquizola, Lane Ryo Hirabayashi, and Jeffrey Arellano Cabusao -- Carlos Bulosan: critique and revolution (2008) / E. San Juan, Jr. -- American Dream: the habitable land (2016) / Melba Abela -- Appendix. 1952 Yearbook, Local 37, International Longshoremen's &amp; Warehousemen's Union / Carlos Bulosan.</subfield>
  </datafield>
  <datafield tag="520" ind1=" " ind2=" ">
   <subfield code="a">This book gathers pioneering essays by major scholars as well as historic documents on Carlos Bulosan's work and life for the first time. This anthology provides the reader an opportunity to trace the development of a body of knowledge called Bulosan criticism within the United States and the Philippines.</subfield>
  </datafield>
  <datafield tag="600" ind1="1" ind2="0">
   <subfield code="a">Bulosan, Carlos</subfield>
   <subfield code="d">1913-1956</subfield>
   <subfield code="x">Criticism and interpretation.</subfield>
  </datafield>
  <datafield tag="700" ind1="1" ind2=" ">
   <subfield code="a">Cabusao, Jeffrey Arellano</subfield>
   <subfield code="e">editor.</subfield>
  </datafield>
  <datafield tag="905" ind1=" " ind2=" ">
   <subfield code="a">FI</subfield>
  </datafield>
  <datafield tag="852" ind1="0" ind2=" ">
   <subfield code="a">UPBAG</subfield>
   <subfield code="b">UPBAG-MAIN</subfield>
   <subfield code="h">PS 9993 B877 Z88 2016</subfield>
  </datafield>
  <datafield tag="942" ind1=" " ind2=" ">
   <subfield code="a">Book</subfield>
  </datafield>
 </record>
</collection>
